[Event "77th Armenian Women Championship 2022"]
[Site "Yerevan"]
[Date "2022.01.18"]
[Round "7.2"]
[White "Avetisyan, Mariam"]
[Black "Gasparian, Narine"]
[Result "0-1"]
[WhiteElo "2012"]
[BlackElo "2004"]
[Annotator "TA"]
[PlyCount "140"]
[EventDate "2022.01.12"]
[EventType "tourn"]
[EventCountry "ARM"]
[SourceTitle "playchess.com"]
[Source "ChessBase"]
[SourceQuality "1"]

{[%evp 19,140,-6,-14,-14,0,-18,0,0,0,-14,-12,-7,-10,-18,-15,-15,-10,-8,-16,-16,0,-29,-4,-9,-8,-14,0,-13,-5,-5,-6,-8,0,0,0,-5,0,-30,0,0,0,0,0,0,0,0,0,0,0,0,0,-64,0,0,0,0,0,0,0,0,0,0,0,-42,-44,-45,0,0,0,0,0,0,0,0,0,-50,0,0,0,0,0,-453,-418,-447,-309,-1023,-980,-871,-854,-806,-704,-1356,-1327,-1347,-1116,-1112,-1081,-1091,-1079,-1079,-1059,-1001,-946,-766,-613,-611,-162,-543,-280,-273,-287,-611,-561,-737,-888,-1886,-1337,-5265,-5848,-29983,-950,-567,0]} 1. e4 c5 2. Nc3 e6 3. Nf3 a6 4. d4 cxd4 5. Nxd4 Qc7 6. a3 Nc6 7. Be3 b5 8. Be2 Bb7 9. O-O Nf6 10. f4 Bc5 {aiming for ...Qb6. 10...Nxd4 gains popularity.} 11. Qd3 {B49: Sicilian: Taimanov: 5 Nc3 Qc7 6 Be3 a6 7 Be2.} O-O 12. e5 Nxd4 13. Bxd4 {[#] The position is equal.} Nd5 $146 ({But not} 13... Qc6 14. Bf3 Nd5 15. Rad1 $14) ({Predecessor:} 13... Ne4 14. Nxe4 Bxe4 15. Qxe4 Qc6 16. Qe3 Bxd4 17. Qxd4 Qxc2 18. Bd3 Qa4 19. Qe3 g6 20. f5 exf5 21. Bxf5 b4 22. Rf3 bxa3 23. Rxa3 Qb5 24. Rb3 {1-0 (24) Pelaez Bravo,V (1609)-Benages Mabres,V (1644) ICCF email 2020}) 14. Nxd5 Bxd5 15. Rf2 d6 16. Bxc5 Qxc5 17. exd6 Rad8 18. Rd1 Rxd6 19. Qd4 Qc6 20. Bd3 Rfd8 {[%cal Od5f3]} 21. Qe3 {Inhibits Bf3.} Bc4 22. Rfd2 g6 23. h3 Bxd3 24. Rxd3 Rxd3 25. Rxd3 Rd5 26. Rxd5 Qxd5 $11 {[%mdl 4096] Endgame KQ-KQ} 27. Qc3 h5 28. Kh1 Qe4 (28... Qd6 $5 {[%cal Rd6f4]}) 29. Qc8+ Kg7 30. Qxa6 Qxc2 31. Qxb5 Qc1+ 32. Kh2 {Threatens to win with Qb4.} Qxf4+ 33. Kg1 e5 34. a4 e4 35. Qe2 (35. Qc4 $11) 35... f5 {Black is more active.} ({Black should play} 35... e3 $15) 36. a5 Qc1+ 37. Kf2 Qc5+ 38. Qe3 Qxa5 {Strongly threatening ...Qe5.} 39. Qd4+ Kh7 (39... Kg8 $11) 40. Qd7+ $15 Kh6 {Hoping for ...Qc5+.} 41. Qd4 {Inhibits Qc5.} Qc7 $1 42. h4 {Black must now prevent Qh8+.} Kh7 {To avoid Qh8+} (42... Qg7 $1 $15 {might be stronger.} 43. Qd2+ Kh7) 43. b4 $1 $11 Qf4+ 44. Ke2 Qg4+ 45. Kf1 $1 Qf4+ 46. Ke2 Qxh4 {And now ...Qg3 would win.} 47. b5 ({Better is} 47. Qd7+ $11 Kh6 48. Qd6) 47... Qg3 (47... Qg5 $15 48. Kf2 Qh4+ 49. Kf1 Qf4+ 50. Kg1 h4) 48. Qa7+ Kg8 49. Qa8+ Kf7 50. Qa7+ $2 {[%mdl 8192]} (50. Qb7+ $11 Ke6 51. Qc6+ Qd6 52. Qe8+ Kf6 53. Qh8+ Ke6 54. Qc8+ Kd5 55. Qa8+ Ke5 56. Qa1+ Kf4 57. Qb2) 50... Ke6 $1 $19 51. Qa2+ Ke5 52. Qa1+ $2 (52. Qb2+ Kd5 53. Kf1) 52... Kd5 53. Qa8+ Kd4 54. Qa7+ Kc4 55. b6 Qxg2+ 56. Kd1 e3 {[%csl Ge3][%cal Rg2d2]} 57. Qa4+ Kc5 {[%csl Ge3][%cal Rg2d2]} 58. Qa5+ Kd6 $1 {[%cal Og2d2] ( -> ...Qd2+!)} 59. Qa3+ Kd7 {[%csl Ge3][%cal Rg2d2]} 60. Qxe3 Qd5+ 61. Kc1 Qe4 62. Qb3 Qf4+ $2 (62... Qe6 63. Qxe6+ Kxe6 64. b7 Kf6 65. b8=Q Kf7 66. Qc7+ Kf6 67. Qc3+ Kf7 68. Qg3) (62... Qc6+ 63. Kd2 Kc8 64. b7+ Kb8) 63. Kd1 $2 {[#]} (63. Kc2 {nothing else works.}) 63... Qd6+ $1 64. Ke2 {[#]} Kc8 $1 65. b7+ $2 (65. Qf7) 65... Kb8 66. Qb5 h4 {...h3 is the strong threat.} 67. Qc4 Qh2+ 68. Kf1 Qh3+ 69. Kg1 Qg3+ (69... Qg4+ $142 70. Qxg4 fxg4 71. Kh2 g3+ 72. Kh3 g5 73. Kg2 g4 74. Kh1 h3 75. Kg1 Kxb7 76. Kh1 Kb6 77. Kg1 Kc6 78. Kh1 Kd5 79. Kg1 g2 80. Kf2 Ke4 81. Ke2 g1=Q 82. Kd2 Qc5 83. Ke2 h2 84. Ke1 Ke3 85. Kf1 h1=Q#) 70. Kh1 Qh3+ $2 {[%mdl 32768] Weighted Error Value: White=0.39/Black=0.16 (very precise) . Loss on time!?} (70... Qf3+ $19 71. Kg1 Qg4+ 72. Qxg4 fxg4 73. Kg2 Kxb7 74. Kg1 Kc6 75. Kh1 Kd5 76. Kg2 Ke5 77. Kf1 Kf4 78. Kg1 h3 79. Kf2 g3+ 80. Ke2 h2 81. Kd1 h1=Q+ 82. Kc2 g2 83. Kd3 g1=Q 84. Kc3 Qc5+ 85. Kb3 Qb7+ 86. Ka4 Qbb5#) 0-1

[Event "77th Armenian Women Championship 2022"]
[Site "Yerevan"]
[Date "2022.01.18"]
[Round "7.3"]
[White "Mkrtchyan, Mariam"]
[Black "Gaboyan, Susanna"]
[Result "1-0"]
[WhiteElo "2262"]
[BlackElo "2254"]
[Annotator "TA"]
[PlyCount "85"]
[EventDate "2022.01.12"]
[EventType "tourn"]
[EventCountry "ARM"]
[SourceTitle "playchess.com"]
[Source "ChessBase"]
[SourceQuality "1"]

{[%evp 29,85,80,74,77,81,81,95,86,100,92,105,-22,-24,-18,-7,-16,6,5,4,0,42,37,296,49,58,0,0,-148,-133,-114,-125,-133,-141,-142,-158,-153,-122,-72,-93,-168,220,197,202,219,375,363,359,358,5636,5600,2637,2029,2227,1424,2667,2133,1170,930]} 1. d4 d6 2. Nf3 Nf6 3. c4 Nbd7 4. Nc3 e5 5. e4 g6 6. g3 Bg7 7. Bg2 O-O 8. O-O a5 9. h3 c6 10. Be3 exd4 11. Nxd4 Re8 12. Qc2 Nc5 13. Rad1 Qe7 14. Rfe1 Be6 15. b3 Rad8 16. f4 {E69: King's Indian: Fianchetto: 6...Nbd7 7 0-0 e5 8 e4 c6 9 h3.} Bc8 {[%cal Rc5e4]} 17. Bf2 Qc7 18. g4 {[%cal Bg3g4,Bg4g5][%mdl 32] [#] White is better.} h5 $146 ({Predecessor:} 18... Re7 19. a3 Rde8 20. b4 axb4 21. axb4 Na6 22. b5 Nc5 23. bxc6 bxc6 {1-0 (53) Azaladze,S (2439)-Galaktionov,A (2319) Chess.com INT 2020}) 19. g5 Nfd7 20. Ndb5 cxb5 $11 21. Nxb5 Qb8 22. Nxd6 Bf8 23. Nxe8 Rxe8 24. e5 Nb6 (24... Ne6 $11 {should be considered.}) 25. Qc3 $1 $14 Qa8 $2 {[%mdl 8192] [#]} (25... Bf5 $1 $14) 26. a3 $2 (26. Rd6 $1 $18 {[%mdl 512]} Bxd6 27. exd6 Rxe1+ 28. Qxe1) 26... Be6 {[#]} 27. Bd5 (27. Rd6 $1 $14 Bxd6 (27... Nbd7 28. Rd2) 28. exd6) 27... Bf5 $11 28. b4 (28. e6 $11 fxe6 29. Bg2) 28... axb4 29. axb4 Nxd5 30. cxd5 Ne4 31. Qb3 Nxf2 32. Kxf2 Qc8 33. Rc1 {Inhibits Bc2.} Qd7 34. Red1 (34. h4 $17 {is a better defense.}) 34... Bxh3 $4 {[%mdl 8192]} (34... Be7 $19 {and all is fine. aiming for ...Bd8.} 35. Kg1 (35. d6 Bd8 $17) 35... Bd8) 35. e6 $1 $18 Qd6 36. Qxh3 {Black must now prevent exf7+. Dancing on a razor blade. Active counter play!} Qxf4+ (36... fxe6 {was worth a try.} 37. dxe6 (37. Qe3 e5 $16) 37... Qxf4+ 38. Qf3 Qxf3+ 39. Kxf3 Bxb4) 37. Qf3 Qh2+ 38. Kf1 fxe6 (38... Ra8 39. Ra1 (39. Qxf7+ Kh8 $18) 39... Rc8) 39. dxe6 {Threatening mate with Rd7. White is clearly winning.} Qe5 40. Qf7+ Kh8 41. Rd7 {[%csl Gd7][%cal Rf7h7]} ({Worse is} 41. Qxe8 Qf4+ 42. Kg1 Qe3+ 43. Kg2 Qe2+ 44. Kg3 (44. Kg1 Qe3+ 45. Kg2 Qe2+ 46. Kg3 Qg4+ 47. Kf2 Qf4+ 48. Kg2 Qe4+ 49. Kh3 Qg4+ 50. Kh2 Qe2+ 51. Kh3 Qg4+ 52. Kh2 Qe2+ 53. Kh3 Qg4+ $11) 44... Qg4+ 45. Kf2 Qf4+ 46. Kg1 Qg4+ 47. Kf2 Qf4+ 48. Kg2 Qg4+ 49. Kh2 Qe2+ 50. Kh3 (50. Kg1 Qe3+ 51. Kg2 Qe2+ 52. Kg3 Qe3+ 53. Kh4 Qf4+ 54. Kh3 Qg4+ 55. Kh2 Qe2+ 56. Kh3 Qg4+ 57. Kh2 $11) 50... Qg4+ 51. Kh2 Qe2+ 52. Kh3 (52. Kg1 Qe3+ 53. Kg2 Qe2+ 54. Kh3 Qg4+ 55. Kh2 $11) 52... Qg4+ 53. Kh2 $11) 41... Qf5+ 42. Qxf5 gxf5 43. Rxb7 {Weighted Error Value: White=0.47/Black=0.73} 1-0

[Event "77th Armenian Women Championship 2022"]
[Site "Yerevan"]
[Date "2022.01.18"]
[Round "7.4"]
[White "Gevorgyan, Maria"]
[Black "Khachatryan, Veronika"]
[Result "1-0"]
[WhiteElo "2218"]
[BlackElo "2007"]
[Annotator "TA"]
[PlyCount "79"]
[EventDate "2022.01.12"]
[EventType "tourn"]
[EventCountry "ARM"]
[SourceTitle "playchess.com"]
[Source "ChessBase"]
[SourceQuality "1"]

{[%evp 21,79,0,0,-52,-9,-134,-127,-123,-129,-122,-41,-87,-91,-188,-187,-180,-132,-169,-129,-301,-297,-335,-234,-232,-234,-235,-228,-222,-231,-253,-253,-317,-234,-234,-234,-232,-141,-145,-134,-152,-140,-248,-248,-237,-191,-188,-177,-152,-16,-93,1131,0,29980,29981,29981,29981,29981,29982,29982,29979]} 1. c4 e5 {[%cal Be7e5,Be5e4][%mdl 32]} 2. Nc3 Nf6 3. g3 Nc6 4. Bg2 Bb4 5. Nf3 O-O 6. O-O e4 7. Ng5 Bxc3 8. bxc3 Re8 9. f3 exf3 10. Nxf3 d5 11. cxd5 Qxd5 12. Bb2 {A29: English Opening: Four Knights Variation with 4 g3.} (12. Nd4 $11 Qd6 13. Nxc6 bxc6 14. Qa4 Rxe2 15. Qxc6 Qxc6 16. Bxc6) 12... Qb5 {[#]} (12... Bg4 $1 $15) 13. Qc1 $146 (13. Qb3 $11 {keeps the balance.} Qxb3 14. axb3) ({Predecessor:} 13. Qb3 Qxb3 14. axb3 Rxe2 15. b4 Be6 16. b5 Nd8 17. Ra4 Bb3 18. Rh4 Ne6 19. Nd4 Nxd4 20. Rxd4 {½-½ (30) Zvjaginsev,V (2649)-Ma,Q (2613) China 2014}) 13... Rxe2 $17 14. c4 {Black is better.} Qc5+ 15. d4 Qh5 (15... Qb4 $17 16. Rf2 Rxf2 17. Kxf2 Bg4) 16. d5 (16. Re1 $1 $15 {deserves consideration.} Rxe1+ 17. Qxe1) 16... Bh3 $1 17. Rf2 (17. Bxh3 $17 Qxh3 18. Rf2 Rxf2 19. Kxf2 Ne4+ 20. Kg1 (20. Ke3 $2 Re8 $19) 20... Nxg3 21. Qg5) 17... Rxf2 $19 18. Kxf2 {Threatens to win with Bxh3.} Ng4+ $40 {[%mdl 128] Black is out for blood.} (18... Nb4 $19 {Hoping for ...Nd3+.} 19. Kg1 Bxg2 20. Kxg2 Nd3) 19. Kg1 $17 {And now Bxh3 would win.} Bxg2 20. Kxg2 {[#]} (20. Qc3 $17 f6 21. Kxg2) 20... Re8 $1 $19 {( -> ...Re2+)} 21. Qd2 {[#] To avoid Re2+} (21. dxc6 {is a self mate.} Re2+ 22. Kf1 Rf2+ 23. Kg1 Rxh2 24. Ng5 Rf2) (21. Qg5 Re2+) 21... Nxh2 $1 {[%mdl 512] Pair of Knights!} 22. Re1 {[%cal Re1e8]} Qxf3+ 23. Kxh2 {[%cal Re1e8] [#]} Ne5 $1 {[%mdl 512]} 24. Bxe5 Qh5+ 25. Kg1 Rxe5 {[%mdl 4096] Endgame KQR-KQR} 26. c5 h6 ({Avoid the trap} 26... Qf3 $2 27. Rxe5 Qxg3+ 28. Kh1 Qxe5 29. d6 Qh5+ 30. Kg2 Qg4+ 31. Kh2) 27. Rxe5 Qxe5 {KQ-KQ} 28. Kh2 Qh5+ 29. Kg2 Qg4 30. d6 {Black must now prevent d7.} Qd7 31. Qd4 (31. Qd5 $17) 31... b6 32. Qe5 cxd6 33. cxd6 Kf8 {Prevents Qe7+.} 34. Qd5 {[#]} g5 (34... f5 $1 $17 {White should prevent ...g6.} 35. Kf2 g5) 35. Qe5 (35. Qd4 $11 f5 36. Qf6+ Ke8 37. Qh8+ Kf7 38. Qh7+ Ke6 39. Qxh6+ Ke5 40. Qxg5) 35... Qb7+ $2 {[%mdl 8192] [#]} (35... f5 $17 36. Qf6+ Ke8 37. Qh8+ Kf7 38. Qh7+ Ke6 39. Qxh6+ Ke5 40. Qxg5 Kxd6) 36. Kh2 $2 ({White must play} 36. Kg1 $1 $18 {[%cal Re5h8]} Kg8 37. Qe8+ Kg7 38. d7) 36... f6 $2 {[%mdl 8192]} (36... Kg8 $11) 37. Qxf6+ {White mates.} Ke8 38. Qh8+ Kd7 39. Qh7+ Kc6 40. Qe4+ {[%mdl 64] Skewer. Quite a comeback for White.  Weighted Error Value: White=0.50/Black=0.46} 1-0

[Event "77th Armenian Women Championship 2022"]
[Site "Yerevan"]
[Date "2022.01.18"]
[Round "7.5"]
[White "Hakobyan, Astghik"]
[Black "Khachatryan, Anna"]
[Result "1-0"]
[WhiteElo "2053"]
[BlackElo "2134"]
[Annotator "TA"]
[PlyCount "53"]
[EventDate "2022.01.12"]
[EventType "tourn"]
[EventCountry "ARM"]
[SourceTitle "playchess.com"]
[Source "ChessBase"]
[SourceQuality "1"]

{[%evp 14,53,46,47,37,28,70,71,68,73,101,106,133,138,172,177,179,162,211,108,124,52,35,35,208,208,264,265,214,239,486,485,820,809,789,799,1056,741,694,684,29990,1368]} 1. e4 c5 2. Nf3 e6 3. d4 cxd4 4. Nxd4 a6 5. Nc3 b5 6. Bd3 Qb6 7. Nf3 Qc7 {The main line 7...Qc7 scores better than 7...Nc6.} 8. O-O Bb7 {B43: Sicilian: Kan Variation: 5 Nc3.} 9. Re1 d6 (9... Bc5 $11) 10. a4 b4 {White is better.} 11. Na2 Nc6 12. Bd2 $1 a5 13. c3 {[%cal Rc3b4]} bxc3 14. Nxc3 Be7 15. Nb5 $36 {[%mdl 2048] [#] White is really pushing.} Qb8 $146 (15... Qd8 {is a better defense.}) ({Predecessor:} 15... Qd8 16. Nbd4 Nxd4 17. Nxd4 Nf6 18. Bb5+ Nd7 19. Qg4 Kf8 20. Rac1 Nc5 21. b4 axb4 22. Bxb4 Nxa4 {1-0 (60) Ivanov,V (2488)-Gomes,M (2344) Moscow 2020}) 16. Nfd4 (16. Rc1 $18) 16... Ne5 $16 {[#]} 17. Bf1 {White is much more active.} (17. Rc1 $1 $16 {Threatens to win with Nc7+.} Nxd3 18. Nc7+ Kd7 19. Qe2) 17... Nf6 $14 18. Rc1 {Hoping for Nc7+.} Bd8 {To avoid Nc7+. Loses the game.} (18... O-O $14) 19. f4 $18 Bb6 {[%cal Oe8g8]} 20. fxe5 dxe5 {[#]} 21. Kh1 $1 {[%cal Oc1c8]} exd4 $2 {[#]} (21... Bxd4 22. Nc7+ Kf8) 22. e5 $1 Nd7 (22... Ne4 $142 23. Rxe4 Bxe4) 23. Nd6+ Kf8 24. Qh5 {[%csl Gd6][%cal Rh5f7]} g6 25. Qh6+ Kg8 26. Bg5 Ra7 {[#]} 27. Rc8+ $3 {[%mdl 512] Weighted Error Value: White=0.12 (very precise) /Black=0.91} 1-0

[Event "77th Armenian Women Championship 2022"]
[Site "Yerevan"]
[Date "2022.01.19"]
[Round "8.2"]
[White "Khachatryan, Veronika"]
[Black "Avetisyan, Mariam"]
[Result "1-0"]
[WhiteElo "2007"]
[BlackElo "2012"]
[Annotator "ChessBase"]
[PlyCount "79"]
[EventDate "2022.01.12"]
[EventType "tourn"]
[EventCountry "ARM"]
[SourceTitle "playchess.com"]
[Source "ChessBase"]
[SourceQuality "1"]
[TimeControl "40/5400+30:1800+30"]

1. d4 {[%emt 0:13:14]} Nf6 {[%emt 0:01:03]} 2. c4 {[%emt 0:01:32]} e6 {[%emt 0:00:14]} 3. Nf3 {[%emt 0:00:08]} c5 {[%emt 0:01:42]} 4. d5 {[%emt 0:00:28]} b5 {[%emt 0:00:32]} 5. dxe6 {[%emt 0:00:09]} fxe6 {[%emt 0:00:04]} 6. cxb5 {[%emt 0:00:04]} d5 {[%emt 0:00:36]} 7. Nc3 {[%emt 0:02:57]} Bb7 {[%emt 0:11:29]} 8. g3 {[%emt 0:11:38]} Nbd7 {[%emt 0:02:43]} 9. Bh3 {[%emt 0:03:13]} d4 {[%emt 0:06:16]} 10. Na4 {[%emt 0:04:06]} e5 {[%emt 0:03:36]} 11. O-O {[%emt 0:10:24]} Bd6 {[%emt 0:11:20]} 12. Ng5 {[%emt 0:01:42]} Qe7 {[%emt 0:06:04]} 13. e3 {[%emt 0:00:39]} h6 {[%emt 0:03:30]} 14. Nf3 {[%emt 0:05:45]} O-O {[%emt 0:05:19]} 15. exd4 {[%emt 0:00:05]} cxd4 {[%emt 0:01:59]} 16. Nh4 {[%emt 0:00:41]} Rf7 {[%emt 0:04:37]} 17. Nf5 {[%emt 0:03:43]} Qf8 {[%emt 0:00:17]} 18. b3 {[%emt 0:00:39]} Rd8 {[%emt 0:16:48]} 19. Nb2 {[%emt 0:03:12]} Nb6 {[%emt 0:01:42]} 20. a4 {[%emt 0:02:28]} Bb4 {[%emt 0:07:21]} 21. Nd3 {[%emt 0:09:35]} Bd6 {[%emt 0:08:51]} 22. Re1 {[%emt 0:12:36]} Nbd7 {[%emt 0:01:34]} 23. Nb2 {[%emt 0:04:41]} Bb4 {[%emt 0:00:50]} 24. Rf1 {[%emt 0:01:53]} Ne4 {[%emt 0:01:44]} 25. Qg4 {[%emt 0:01:35]} Kh7 {[%emt 0:00:36]} 26. Nd3 {[%emt 0:01:25]} Ndf6 {[%emt 0:01:06]} 27. Qh4 {[%emt 0:00:53]} Nc3 {[%emt 0:01:23]} 28. Re1 {[%emt 0:01:34]} Bd6 {[%emt 0:00:33]} 29. Nxh6 {[%emt 0:00:57]} gxh6 {[%emt 0:00:27]} 30. Bf5+ {[%emt 0:00:05]} Kg8 {[%emt 0:00:30]} 31. Bxh6 {[%emt 0:00:46]} Qe7 {[%emt 0:00:11]} 32. Nf4 {[%emt 0:00:52]} exf4 {[%emt 0:00:48]} 33. Rxe7 {[%emt 0:00:28]} Rxe7 {[%emt 0:00:42]} 34. Qxf6 {[%emt 0:00:38]} Ne2+ {[%emt 0:00:30]} 35. Kf1 {[%emt 0:00:04]} d3 {[%emt 0:00:29]} 36. Qg5+ {[%emt 0:01:10]} Kh8 {[%emt 0:00:18]} 37. Bg7+ {[%emt 0:00:08]} Kg8 {[%emt 0:00:14]} 38. Bf6+ {[%emt 0:00:07]} Kf8 {[%emt 0:00:06]} 39. Qh6+ {[%emt 0:00:20]} Ke8 {[%emt 0:00:09]} 40. Qh8+ {[%emt 0:00:00]} 1-0

[Event "77th Armenian Women Championship 2022"]
[Site "Yerevan"]
[Date "2022.01.19"]
[Round "8.3"]
[White "Mkrtchyan, Mariam"]
[Black "Yedigaryan, Asya"]
[Result "1/2-1/2"]
[WhiteElo "2262"]
[BlackElo "2022"]
[Annotator "ChessBase"]
[PlyCount "61"]
[EventDate "2022.01.12"]
[EventType "tourn"]
[EventCountry "ARM"]
[SourceTitle "playchess.com"]
[Source "ChessBase"]
[SourceQuality "1"]
[TimeControl "40/5400+30:1800+30"]

1. d4 {[%emt 0:00:04]} Nf6 {[%emt 0:00:07]} 2. c4 {[%emt 0:00:06]} e6 {[%emt 0:00:12]} 3. g3 {[%emt 0:00:36]} Bb4+ {[%emt 0:01:18]} 4. Bd2 {[%emt 0:00:17]} Qe7 {[%emt 0:01:33]} 5. Bg2 {[%emt 0:00:36]} Nc6 {[%emt 0:04:25]} 6. e3 {[%emt 0:11:29]} O-O {[%emt 0:06:31]} 7. Ne2 {[%emt 0:04:42]} Bxd2+ {[%emt 0:07:26]} 8. Nxd2 {[%emt 0:01:33]} d6 {[%emt 0:00:11]} 9. O-O {[%emt 0:02:26]} e5 {[%emt 0:00:32]} 10. d5 {[%emt 0:02:03]} Nd8 {[%emt 0:06:06]} 11. Nc3 {[%emt 0:00:29]} Ne8 {[%emt 0:04:40]} 12. e4 {[%emt 0:02:00]} f5 {[%emt 0:00:25]} 13. exf5 {[%emt 0:08:19]} Bxf5 {[%emt 0:00:31]} 14. Qe2 {[%emt 0:00:05]} Qd7 {[%emt 0:07:30]} 15. b4 {[%emt 0:03:13]} Nf6 {[%emt 0:09:20]} 16. c5 {[%emt 0:00:22]} Bh3 {[%emt 0:03:16]} 17. Qc4 {[%emt 0:14:48]} Bxg2 {[%emt 0:03:13]} 18. Kxg2 {[%emt 0:00:02]} Nf7 {[%emt 0:01:44]} 19. Nde4 {[%emt 0:00:50]} Kh8 {[%emt 0:07:34]} 20. c6 {[%emt 0:08:27]} bxc6 {[%emt 0:11:37]} 21. dxc6 {[%emt 0:00:54]} Qf5 {[%emt 0:00:22]} 22. Nxf6 {[%emt 0:03:47]} gxf6 {[%emt 0:00:14]} 23. f4 {[%emt 0:02:03]} d5 {[%emt 0:07:53]} 24. Nxd5 {[%emt 0:02:08]} Nd6 {[%emt 0:00:04]} 25. Ne3 {[%emt 0:08:19]} Qh5 {[%emt 0:01:38]} 26. Qc2 {[%emt 0:02:46]} exf4 {[%emt 0:03:20]} 27. Rxf4 {[%emt 0:00:35]} Rae8 {[%emt 0:00:06]} 28. Rh4 {[%emt 0:09:22]} Qf7 {[%emt 0:00:06]} 29. Ng4 {[%emt 0:02:06]} Qd5+ {[%emt 0:02:38]} 30. Kh3 {[%emt 0:00:22]} Ne4 {[%emt 0:00:16]} 31. Rh6 {[%emt 0:02:49]} 1/2-1/2

[Event "77th Armenian Women Championship 2022"]
[Site "Yerevan"]
[Date "2022.01.19"]
[Round "8.4"]
[White "Arakelyan, Nare"]
[Black "Gevorgyan, Maria"]
[Result "0-1"]
[WhiteElo "1912"]
[BlackElo "2218"]
[Annotator "ChessBase"]
[PlyCount "58"]
[EventDate "2022.01.12"]
[EventType "tourn"]
[EventCountry "ARM"]
[SourceTitle "playchess.com"]
[Source "ChessBase"]
[SourceQuality "1"]
[TimeControl "40/5400+30:1800+30"]

1. e4 {[%emt 0:00:29]} c5 {[%emt 0:00:06]} 2. Nf3 {[%emt 0:00:28]} Nc6 {[%emt 0:00:06]} 3. d4 {[%emt 0:00:15]} cxd4 {[%emt 0:00:05]} 4. Nxd4 {[%emt 0:00:06]} g6 {[%emt 0:00:05]} 5. Nc3 {[%emt 0:00:36]} Bg7 {[%emt 0:00:06]} 6. Be3 {[%emt 0:00:04]} Nf6 {[%emt 0:00:05]} 7. Nxc6 {[%emt 0:00:30]} bxc6 {[%emt 0:00:05]} 8. e5 {[%emt 0:00:03]} Ng8 {[%emt 0:00:05]} 9. Bd4 {[%emt 0:00:09]} Qa5 {[%emt 0:00:30]} 10. f4 {[%emt 0:04:26]} Nh6 {[%emt 0:07:49]} 11. e6 {[%emt 0:03:00]} O-O {[%emt 0:04:11]} 12. Bxg7 {[%emt 0:04:21]} Kxg7 {[%emt 0:00:12]} 13. exd7 {[%emt 0:00:04]} Rd8 {[%emt 0:35:15]} 14. Qd4+ {[%emt 0:00:16]} e5 {[%emt 0:06:57]} 15. fxe5 {[%emt 0:03:51]} Rxd7 {[%emt 0:00:36]} 16. Qf4 {[%emt 0:01:22]} Nf5 {[%emt 0:05:32]} 17. Rd1 {[%emt 0:06:26]} Rb8 {[%emt 0:12:22]} 18. Rxd7 {[%emt 0:11:45]} Bxd7 {[%emt 0:00:13]} 19. g4 {[%emt 0:00:23]} Rxb2 {[%emt 0:01:17]} 20. Kd2 {[%emt 0:01:00]} Rb4 {[%emt 0:08:20]} 21. Qf3 {[%emt 0:05:30]} Nd4 {[%emt 0:00:11]} 22. Qf6+ {[%emt 0:00:09]} Kg8 {[%emt 0:00:02]} 23. h3 {[%emt 0:02:59]} Ne6 {[%emt 0:04:00]} 24. Bd3 {[%emt 0:07:56]} Rf4 {[%emt 0:00:10]} 25. Qe7 {[%emt 0:00:34]} Qxe5 {[%emt 0:00:11]} 26. Rb1 Rf2+ {[%emt 0:01:20]} 27. Ne2 {[%emt 0:26:53]} Qf4+ {[%emt 0:00:20]} 28. Kc3 {[%emt 0:00:34]} Rxe2 {[%emt 0:01:49]} 29. Qxd7 {[%emt 0:01:12]} Qd2+ {[%emt 0:00:58]} 0-1

[Event "77th Armenian Women Championship 2022"]
[Site "Yerevan"]
[Date "2022.01.19"]
[Round "8.5"]
[White "Gasparian, Narine"]
[Black "Hakobyan, Astghik"]
[Result "1/2-1/2"]
[WhiteElo "2004"]
[BlackElo "2053"]
[Annotator "ChessBase"]
[PlyCount "95"]
[EventDate "2022.01.12"]
[EventType "tourn"]
[EventCountry "ARM"]
[SourceTitle "playchess.com"]
[Source "ChessBase"]
[SourceQuality "1"]
[TimeControl "40/5400+30:1800+30"]

1. d4 {[%emt 0:00:30]} Nf6 {[%emt 0:00:09]} 2. Nf3 {[%emt 0:00:08]} e6 {[%emt 0:00:23]} 3. g3 {[%emt 0:00:19]} d5 {[%emt 0:01:22]} 4. c4 {[%emt 0:00:07]} Be7 {[%emt 0:02:55]} 5. Bg2 {[%emt 0:00:11]} O-O {[%emt 0:00:11]} 6. O-O {[%emt 0:00:29]} c6 {[%emt 0:00:43]} 7. Nbd2 {[%emt 0:00:19]} Nbd7 {[%emt 0:00:19]} 8. b3 {[%emt 0:00:20]} b6 {[%emt 0:00:33]} 9. Bb2 {[%emt 0:00:10]} Ba6 {[%emt 0:00:28]} 10. Re1 {[%emt 0:07:01]} c5 {[%emt 0:04:49]} 11. cxd5 {[%emt 0:00:20]} exd5 {[%emt 0:05:34]} 12. Ne5 {[%emt 0:01:03]} Rc8 {[%emt 0:11:57]} 13. Rc1 {[%emt 0:01:43]} Nxe5 {[%emt 0:08:26]} 14. dxe5 {[%emt 0:00:10]} Ne8 {[%emt 0:01:02]} 15. Nf1 {[%emt 0:04:17]} d4 {[%emt 0:01:26]} 16. e3 {[%emt 0:01:45]} d3 {[%emt 0:06:46]} 17. Nd2 {[%emt 0:02:46]} b5 {[%emt 0:05:20]} 18. Qg4 {[%emt 0:05:58]} Qa5 {[%emt 0:04:43]} 19. Red1 {[%emt 0:02:32]} c4 {[%emt 0:15:07]} 20. bxc4 {[%emt 0:03:24]} bxc4 {[%emt 0:02:55]} 21. Bc3 {[%emt 0:02:12]} Bb4 {[%emt 0:02:47]} 22. Bxb4 {[%emt 0:03:53]} Qxb4 {[%emt 0:00:05]} 23. Bd5 {[%emt 0:03:15]} Nc7 {[%emt 0:07:47]} 24. Bxc4 {[%emt 0:06:59]} Nd5 {[%emt 0:06:17]} 25. Qd4 {[%emt 0:05:08]} Rfd8 {[%emt 0:00:27]} 26. Bxa6 {[%emt 0:20:12]} Rxc1 {[%emt 0:01:31]} 27. Rxc1 {[%emt 0:00:06]} Qxd2 {[%emt 0:00:18]} 28. Rc5 {[%emt 0:01:53]} Qe1+ {[%emt 0:09:12]} 29. Kg2 {[%emt 0:00:06]} Nxe3+ {[%emt 0:00:54]} 30. Qxe3 {[%emt 0:02:57]} d2 {[%emt 0:00:12]} 31. Be2 {[%emt 0:00:09]} d1=Q {[%emt 0:00:51]} 32. Bxd1 {[%emt 0:00:16]} Qxd1 {[%emt 0:00:04]} 33. Rc7 {[%emt 0:03:17]} Qd5+ {[%emt 0:00:43]} 34. Qf3 {[%emt 0:00:18]} Qxa2 {[%emt 0:00:33]} 35. Qb7 {[%emt 0:02:01]} h6 {[%emt 0:00:35]} 36. Re7 {[%emt 0:10:05]} Qd5+ {[%emt 0:00:30]} 37. Qxd5 {[%emt 0:00:09]} Rxd5 {[%emt 0:00:03]} 38. f4 {[%emt 0:01:42]} a5 {[%emt 0:00:24]} 39. Re8+ {[%emt 0:01:09]} Kh7 {[%emt 0:00:06]} 40. Rf8 {[%emt 0:00:00]} Kg6 {[%emt 0:00:00]} 41. g4 {[%emt 0:01:19]} a4 {[%emt 0:06:29]} 42. f5+ {[%emt 0:03:32]} Kg5 {[%emt 0:05:52]} 43. Rxf7 {[%emt 0:01:53]} Kxg4 {[%emt 0:01:16]} 44. e6 {[%emt 0:06:21]} Re5 {[%emt 0:06:25]} 45. Rxg7+ {[%emt 0:04:29]} Kxf5 {[%emt 0:00:14]} 46. Ra7 {[%emt 0:00:08]} Rxe6 {[%emt 0:01:43]} 47. Rxa4 {[%emt 0:00:06]} Re2+ {[%emt 0:00:42]} 48. Kg3 {[%emt 0:00:08]} 1/2-1/2